Für Hamburgs Zukunft : Ansprache von Bürgermeister Professor Dr. Weichmann vor der Bürgerschaft bei der Bekanntgabe des Entwicklungsmodells am 2. Juli 1969 : das Entwicklungsmodell für Hamburg und sein Umland /

Salvato in:
Dettagli Bibliografici
Ente Autore: Staatliche Pressestelle
Natura: Libro
Lingua:German
Pubblicazione: Hamburgo, Alemania : Staatliche Pressestelle, 1969
Tags: Aggiungi Tag
Nessun Tag, puoi essere il primo ad aggiungerne!!

MARC

LEADER 00000nam^a2200000^a^4500
001 000554934
005 20250526000000.0
009 20260310131709.081
037 |a Acervo ITESO - Biblioteca 
041 |a ALE 
091 |a FHA. 00770 
110 |a Staatliche Pressestelle 
245 1 0 |a Für Hamburgs Zukunft :  |b Ansprache von Bürgermeister Professor Dr. Weichmann vor der Bürgerschaft bei der Bekanntgabe des Entwicklungsmodells am 2. Juli 1969 : das Entwicklungsmodell für Hamburg und sein Umland / 
264 1 |a Hamburgo, Alemania :  |b Staatliche Pressestelle,  |c 1969 
300 |a 35 p., [4 láminas] ;  |c 29.5 cm. 
336 |a texto  |b txt  |2 rdacontenido 
337 |a sin mediación  |b n  |2 rdamedio 
338 |a volumen  |b nc  |2 rdasoporte 
515 |a Inventario familia Hartung: 1002 
649 |a XX 
910 |a Fondo Horst Hartung Franz 
920 |a Impresos - Libros 
930 |a Libros Antiguos y Raros 
905 |a 135 
901 |a 0500332584  |b IT2  |c LRA  |i D  |u 20250526 
902 |a https://opac.biblio.iteso.mx/vufind/Record/000554934